Caboose mystery. (Record no. 1372)
[ view plain ]
| 000 -LEADER | |
|---|---|
| fixed length control field | 01292cam a22003011 4500 |
| 005 - DATE AND TIME OF LATEST TRANSACTION | |
| control field | 20230822155145.0 |
| 020 ## - INTERNATIONAL STANDARD BOOK NUMBER | |
| International Standard Book Number | 792836003958 |
| 040 ## - CATALOGING SOURCE | |
| Original cataloging agency | DLC |
| Transcribing agency | Wa |
| Modifying agency | DLC |
| -- | OCoLC |
| -- | DLC |
| Language of cataloging | eng |
| 050 00 - LIBRARY OF CONGRESS CALL NUMBER | |
| Classification number | PZ7.W244 |
| Item number | Cab |
| 082 ## - DEWEY DECIMAL CLASSIFICATION NUMBER | |
| Edition number | Fic |
| 100 1# - MAIN ENTRY--PERSONAL NAME | |
| Personal name | Warner, Gertrude Chandler, |
| Dates associated with a name | 1890-1979. |
| 245 10 - TITLE STATEMENT | |
| Title | Caboose mystery. |
| Statement of responsibility, etc. | Illustrated by David Cunningham. |
| 260 ## - PUBLICATION, DISTRIBUTION, ETC. | |
| Place of publication, distribution, etc. | Chicago, |
| Name of publisher, distributor, etc. | A. Whitman |
| Date of publication, distribution, etc. | 1966 |
| 300 ## - PHYSICAL DESCRIPTION | |
| Extent | 128 pages: |
| Other physical details | illustrations; |
| Dimensions | 20 cm |
| 490 0# - SERIES STATEMENT | |
| Series statement | Her The boxcar children |
| Volume/sequential designation | Book 11 |
| 505 ## - FORMATTED CONTENTS NOTE | |
| Formatted contents note | O <br/> |
| 520 ## - SUMMARY, ETC. | |
| Summary, etc. | When the Aldens spend the summer riding on a train, they get to live in a train car once again - this time, they're staying in Caboose No. 777. The number is hard to forget, and indeed, the children meet people at each stop who seem to know it well. It turns out Caboose No. 777 has an unusual past - one that comes with its very own mystery!<br/> |
| 521 ## - TARGET AUDIENCE NOTE | |
| Target audience note | 610 <br/> |
| Source | Lexile <br/> |
| 521 ## - TARGET AUDIENCE NOTE | |
| Target audience note | O <br/> |
| Source | Raz-Plus <br/> |
| 650 #0 - SUBJECT ADDED ENTRY--TOPICAL TERM | |
| Topical term or geographic name entry element | Boxcar children (Fictitious characters) |
| Form subdivision | Juvenile fiction. |
| 650 #0 - SUBJECT ADDED ENTRY--TOPICAL TERM | |
| Topical term or geographic name entry element | Orphans |
| Form subdivision | Juvenile fiction. |
| 650 #0 - SUBJECT ADDED ENTRY--TOPICAL TERM | |
| Topical term or geographic name entry element | Families |
| Form subdivision | Juvenile fiction. |
| 655 #7 - INDEX TERM--GENRE/FORM | |
| Genre/form data or focus term | Detective and mystery stories. |
| Source of term | gsafd |
| 906 ## - LOCAL DATA ELEMENT F, LDF (RLIN) | |
| a | 7 |
| b | cbc |
| c | orignew |
| d | u |
| e | ocip |
| f | 19 |
| g | y-gencatlg |
| 942 ## - ADDED ENTRY ELEMENTS (KOHA) | |
| Source of classification or shelving scheme | Dewey Decimal Classification |
| Koha item type | Books |
| Suppress in OPAC | No |
| 999 ## - | |
| -- | 1372 |
| -- | 1372 |
| Withdrawn status | Lost status | Source of classification or shelving scheme | Damaged status | Not for loan | Collection | Home library | Current library | Shelving location | Date acquired | Total Checkouts | Full call number | Barcode | Date last seen | Copy number | Price effective from | Koha item type |
|---|---|---|---|---|---|---|---|---|---|---|---|---|---|---|---|---|
| Dewey Decimal Classification | Juvenile Fiction | Footprints International School Library Network Toul Kork Campus | Footprints International School Library Network Toul Kork Campus | 08/22/2023 | WAR Fic PZ7.W244 | FIS00813 | 08/22/2023 | 2 | 08/22/2023 | Books |
